00282nam a2200133Ia 45000030006000000080041000060400015000471000020000622450018000822500010001002600009001105460012001190050017001310STCL150530s9999 xx 000 0 und d aSTCLcSTCL aWodehouse, P.G. aWhite Feather aFirst c1982 aEnglish20220125170629.0